| 000 | 01012nam0a2200301 4500 | ||
|---|---|---|---|
| 001 | RU\NLR\bibl\100960 | ||
| 005 | 20260407073605.0 | ||
| 010 |
_a5-237-04415-8 _915000 |
||
| 021 |
_aRU _b2000-10536 _9521 |
||
| 035 | _a(NLR Aleph) 000098727 | ||
| 090 |
_a556696 _c556696 |
||
| 100 | _a20000728d2000 |||y0rusy50 ca | ||
| 101 | 0 | _arus | |
| 102 | _aRU | ||
| 105 | _ay ||||||||| | ||
| 200 | 1 |
_aПолный сборник кодексов Российской Федерации _eС изм. и доп. на 1 янв. 2000 г. |
|
| 210 |
_aМ. _cАСТ _d2000 |
||
| 215 |
_a950,[1] с. _d27 |
||
| 606 | 0 |
_aКодексы _yРоссийская Федерация _92085090 _3RU\NLR\auth\661261199 |
|
| 686 | _aХ62-324.9(2Р) | ||
| 740 | 1 |
_aРоссийская Федерация _tЗаконы _3RU\NLR\AUTH\883331 _9277893 |
|
| 801 | 0 |
_aRU _bNLR _c20000728 _gPSBO |
|
| 801 | 1 |
_aRU _bNLR _c20000728 |
|
| 852 |
_aNLR _j2000-7/1147 |
||
| 942 | _cBOOK | ||
| 980 | _aNB | ||